| 000 | 004620000a22001690004500 | ||
|---|---|---|---|
| 005 | 20250903143640.0 | ||
| 020 | _a038708274 3 | ||
| 082 | _a582.0166 PHY.01 | ||
| 100 | _aBewley, J.D | ||
| 100 | _aBlack, M | ||
| 245 | _aPhysiology and Biochemistry of seeds in Relation to germination in Two volumes V.I | ||
| 260 | _aBerlin, Springer-Verlag | ||
| 260 | _c1978 | ||
| 300 | _a306 | ||
| 650 | _aSeed-Physiology/ Biochemistry seeds/germination | ||
| 942 | _cBK | ||
| 999 |
_c365182 _d365182 |
||